Most Livable Cities 2018 Map Quiz - Statistics

General Stats
  • This quiz has been taken 107 times
  • The average score is 46 of 51
Answers on the Map
Answers color-coded by a green-red scale on the quiz's map according to % correct below.
 
Answer Stats
Rank City % Correct
=44 Miami
97%
=7 Toronto
97%
21 Berlin
96%
41 Dublin
96%
48 London
96%
=39 Madrid
96%
49 San Francisco
96%
=30 Barcelona
95%
=50 Los Angeles
95%
27 Oslo
95%
=19 Paris
95%
=46 Seattle
95%
5 Sydney
95%
=7 Tokyo
95%
6 Vancouver
95%
17 Amsterdam
93%
=44 Chicago
93%
16 Helsinki
93%
2 Melbourne
93%
=46 Milan
93%
=19 Montreal
93%
11 Zurich
93%
42 Boston
92%
=35 Manchester
92%
3 Osaka
92%
=14 Perth
92%
=32 Stockholm
92%
25 Munich
91%
1 Vienna
91%
=12 Auckland
89%
9 Copenhagen
89%
18 Hamburg
89%
23 Honolulu
89%
=50 Atlanta
88%
29 Brussels
88%
=35 Hong Kong
87%
26 Wellington
87%
=12 Frankfurt
85%
=14 Geneva
85%
43 Reykjavik
85%
=37 Washington
85%
10 Adelaide
84%
34 Budapest
84%
=37 Singapore
84%
=30 Lyon
83%
=39 Minneapolis
83%
22 Brisbane
81%
4 Calgary
81%
24 Luxembourg
69%
28 Dusseldorf
68%
=32 Pittsburgh
68%
No matching quizzes found
Score Distribution
Percent of People with Each Score
Percentile by Number Answered
Your Score History
You have not taken this quiz